| 000 | 005580000a22001810004500 | ||
|---|---|---|---|
| 003 | MACL | ||
| 005 | 20160218160225.0 | ||
| 008 | 160218b xxu||||| |||| 00| 0 eng d | ||
| 040 |
_aMACL _cMACL |
||
| 041 | _aHindi | ||
| 082 | _a380 | ||
| 100 |
_aअग्रवाल अमर नारायण _938940 |
||
| 245 |
_aव्यापारिक पद्धति और यन्त्र _bभाग 2 |
||
| 260 |
_bकिताब महल _aइलाहाबाद |
||
| 350 | _a4 | ||
| 650 |
_aCommerce _938941 |
||
| 942 |
_cHIN _k380 _2ddc |
||
| 999 |
_c24558 _d24558 |
||